Fehértemplom und Szászkabánya. Zone 26 Kol. XXV /

Corporate Author: Rakousko-Uhersko. Militärgeographisches Institut
Other Authors: Suchánek, Jan, 1856-1916, Tuschell, O., Hentke, Eduard, Zothe, F.
Language: Hungarian
Serbian
German
Published: [Wien] : [K.u.k. Militärgeographisches Institut], 1914
Series: Třetí vojenské mapování 1:75 000 ; 6067, 1914
Spezialkarte der österreich-ungarischen Monarchie 1:75 000 ; 6067, 1914
Online Access: Digitalizovaný dokument
Physical Description: 1 mapa : černobílá ; 37 x 53 cm, na listu 43 x 56 cm
Map
Saved in:
LEADER 02965nem a2200649 i 4500
001 001519064
003 CZ BrMZK
005 20220112110922.0
007 aj|aanzn
008 160330s1914 au a 0| ger d
034 1 |a a  |b 75000  |d E0212000  |e E0215000  |f N0450000  |g N0444500 
040 |a BOA001  |b cze  |e rda 
041 0 |a ger  |a hun  |a scc 
043 |a e-rm---  |a e-rb--- 
072 7 |a 623  |x Vojenská technika  |2 Konspekt  |9 19 
072 7 |a 912  |x Mapy. Atlasy. Glóby  |2 Konspekt  |9 7 
080 |a 623.64  |2 MRF 
080 |a 913(497.11)  |2 MRF 
080 |a 913(498)  |2 MRF 
080 |a (084.3)528.42  |2 MRF 
080 |a (084.3)355/359  |2 MRF 
110 1 |a Rakousko-Uhersko.  |b Militärgeographisches Institut  |7 kn20060405003  |4 ctg  |4 pbl 
245 1 0 |a Fehértemplom und Szászkabánya.  |p Zone 26 Kol. XXV /  |c [K.u.k. Militärgeographisches Institut] ; Geripp: Fwkr. Suchánek u. Gfrtr. Tuschell ; Terrain: Leut. Hentke u. Oberlt. Zothe 
246 3 |a 6067 
246 3 0 |a Zone 26 Kol. XXV 
255 |a Měřítko 1:75 000  |c (E 21°20'00"--E 21°50'00"/N 45°00'00"--N 44°45'00") 
264 1 |a [Wien] :  |b [K.u.k. Militärgeographisches Institut],  |c 1914 
300 |a 1 mapa :  |b černobílá ;  |c 37 x 53 cm, na listu 43 x 56 cm 
336 |a kartografický obraz  |b cri  |2 rdacontent 
337 |a bez média  |b n  |2 rdamedia 
338 |a list  |b nb  |2 rdacarrier 
490 1 |a [Die Franzisco-Josephinische Landesaufnahme 1:75 000] ;  |v 6067, 1914 
490 1 |a [Spezialkarte der österreich-ungarischen Monarchie im Maße 1:75 000] ;  |v 6067, 1914 
500 |a Jednobarevný otisk 
500 |a Další údaje o vydání: Teilweise berichtigt bis 10. XI. 1914 
500 |a V pravém dolním rohu vytištěno číslo 630 
562 |a Razítko: Důvěrné  |5 CZ-BrMZK 
562 |a Razítko: Jng. Nedvédicky  |5 CZ-BrMZK 
562 |a Rukopisná poznámka na rubu: 119  |5 CZ-BrMZK 
562 |a Původně přeloženo na 1/2  |5 CZ-BrMZK 
650 7 |a vojenská topografie  |7 ph316247  |2 czenas 
651 7 |a Bela Crkva (Srbsko : oblast)  |7 ge1095456  |2 czenas 
651 7 |a Sasca Montană (Rumunsko : oblast)  |7 ge1109389  |2 czenas 
655 7 |a topografické mapy  |7 fd809173  |2 czenas 
655 7 |a vojenské mapy  |7 fd133817  |2 czenas 
700 1 |a Suchánek, Jan,  |d 1856-1916  |7 jk01121681  |4 ctg 
700 1 |a Tuschell, O.  |7 mub20201067617  |4 ctg 
700 1 |a Hentke, Eduard  |7 mub20201068076  |4 ctg 
700 1 |a Zothe, F.  |7 mub20201068157  |4 ctg 
787 0 8 |t Übersichtsblatt der Spezialkarte 1:75 000  |w 1504372 
830 0 |a Třetí vojenské mapování 1:75 000 ;  |v 6067, 1914 
830 0 |a Spezialkarte der österreich-ungarischen Monarchie 1:75 000 ;  |v 6067, 1914 
856 4 1 |u http://www.digitalniknihovna.cz/mzk/uuid/uuid:8455b824-77c0-47e3-b737-45dad1d249fe  |y Digitalizovaný dokument 
910 |a BOA001  |b Mpa-0081.473,6067-14 
990 |a MP 
991 |b 201603 
994 |a PAR  |l MZK01  |b 001504372  |m 6067 Fehértemplom und Szászkabánya. 1914  |n Übersichtsblatt der Spezialkarte 1:75 000